|
|
|
|
| LEADER |
00000cam a22000004a 4500 |
| 001 |
musev2_70064 |
| 003 |
MdBmJHUP |
| 005 |
20230905051229.0 |
| 006 |
m o d |
| 007 |
cr||||||||nn|n |
| 008 |
100504s2002 ncu o 00 0 eng d |
| 010 |
|
|
|z 2002005514
|
| 020 |
|
|
|a 9780822383857
|
| 020 |
|
|
|z 9780822328742
|
| 020 |
|
|
|z 9780822328599
|
| 035 |
|
|
|a (OCoLC)611104980
|
| 040 |
|
|
|a MdBmJHUP
|c MdBmJHUP
|
| 245 |
0 |
0 |
|a Orientalism's Interlocutors :
|b Painting, Architecture, Photography /
|c edited by Jill Beaulieu and Mary Roberts.
|
| 264 |
|
1 |
|a Durham :
|b Duke University Press,
|c 2002.
|
| 264 |
|
3 |
|a Baltimore, Md. :
|b Project MUSE,
|c 2020
|
| 264 |
|
4 |
|c ©2002.
|
| 300 |
|
|
|a 1 online resource (244 pages):
|b illustrations (some color)
|
| 336 |
|
|
|a text
|b txt
|2 rdacontent
|
| 337 |
|
|
|a computer
|b c
|2 rdamedia
|
| 338 |
|
|
|a online resource
|b cr
|2 rdacarrier
|
| 490 |
0 |
|
|a Objects/histories
|
| 505 |
0 |
|
|a Orientalism's interlocutors -- Speaking back to orientalist discourse -- Colonial tutelage to nationalist affirmation: Mammeri and Racim, painters of the Maghreb -- The mosque and the metropolis -- Earth into world, land into landscape: the "worlding" of Algeria in nineteenth-century British feminism -- Henri Regnault's wartime orientalism -- Contested terrains: women orientalists and the colonial harem.
|
| 520 |
|
|
|a A collection of essays that develop ways of doing postcolonial studies in art history.
|
| 546 |
|
|
|a English.
|
| 588 |
|
|
|a Description based on print version record.
|
| 650 |
|
7 |
|a Orientalism
|x Social aspects.
|2 nli
|
| 650 |
|
7 |
|a Exoticism in art.
|2 nli
|
| 650 |
1 |
7 |
|a Fotografie.
|2 gtt
|
| 650 |
1 |
7 |
|a Bouwkunst.
|2 gtt
|
| 650 |
1 |
7 |
|a Schilderkunst.
|2 gtt
|
| 650 |
1 |
7 |
|a Oriëntalisme.
|2 gtt
|
| 650 |
|
7 |
|a Orientalismus
|g Kunst
|2 gnd
|
| 650 |
|
7 |
|a Kunst
|2 gnd
|
| 650 |
|
7 |
|a Orientalism
|x Social aspects.
|2 fast
|0 (OCoLC)fst01048140
|
| 650 |
|
7 |
|a Orientalism in art.
|2 fast
|0 (OCoLC)fst01048141
|
| 650 |
|
7 |
|a ART
|x Asian.
|2 bisacsh
|
| 650 |
|
7 |
|a ART
|x Subjects & Themes
|x General.
|2 bisacsh
|
| 650 |
|
6 |
|a Orientalisme
|x Aspect social.
|
| 650 |
|
6 |
|a Orientalisme dans l'art.
|
| 650 |
|
0 |
|a Orientalism
|x Social aspects.
|
| 650 |
|
0 |
|a Orientalism in art.
|
| 655 |
0 |
7 |
|c k
|b Conference
|c v
|a Publications.
|2 aat
|
| 655 |
|
7 |
|a Electronic books.
|2 local
|
| 700 |
1 |
|
|a Roberts, Mary,
|d 1965-
|
| 700 |
1 |
|
|a Beaulieu, Jill.
|
| 710 |
2 |
|
|a Project Muse.
|e distributor
|
| 830 |
|
0 |
|a Book collections on Project MUSE.
|
| 856 |
4 |
0 |
|z Texto completo
|u https://projectmuse.uam.elogim.com/book/70064/
|
| 945 |
|
|
|a Project MUSE - Custom Collection
|